<?xml version="1.0" encoding="UTF-8"?>
<collection xmlns="http://www.loc.gov/MARC21/slim">
 <record>
  <leader>14461nas a22018731  4500</leader>
  <controlfield tag="001">1/50160</controlfield>
  <controlfield tag="008">011214c19119999njubn1p       0   a0eng d</controlfield>
  <datafield tag="022" ind1=" " ind2=" ">
   <subfield code="a">0002-8282</subfield>
  </datafield>
  <datafield tag="035" ind1=" " ind2=" ">
   <subfield code="l">22966</subfield>
  </datafield>
  <datafield tag="040" ind1=" " ind2=" ">
   <subfield code="a">DLC</subfield>
   <subfield code="b">GR-PeUP</subfield>
  </datafield>
  <datafield tag="090" ind1=" " ind2=" ">
   <subfield code="a">Αλφαβητική σειρά</subfield>
  </datafield>
  <datafield tag="245" ind1="0" ind2="4">
   <subfield code="a">The American economic review.</subfield>
  </datafield>
  <datafield tag="260" ind1=" " ind2=" ">
   <subfield code="a">Nashville, Tenn. [etc.] :</subfield>
   <subfield code="b">American Economic Association,</subfield>
   <subfield code="c">1911-</subfield>
  </datafield>
  <datafield tag="300" ind1=" " ind2=" ">
   <subfield code="a">v. :</subfield>
   <subfield code="b">ill. ;</subfield>
   <subfield code="c">25 cm.</subfield>
  </datafield>
  <datafield tag="310" ind1=" " ind2=" ">
   <subfield code="a">5 no. a year, with a 6th issue quadrennially,</subfield>
   <subfield code="b">1981-</subfield>
  </datafield>
  <datafield tag="321" ind1=" " ind2=" ">
   <subfield code="a">Quarterly,</subfield>
   <subfield code="b">1911-1944.</subfield>
  </datafield>
  <datafield tag="321" ind1=" " ind2=" ">
   <subfield code="a">5 no. a year,</subfield>
   <subfield code="b">1945-1980.</subfield>
  </datafield>
  <datafield tag="362" ind1="0" ind2=" ">
   <subfield code="a">Vol.XXXIX, no.2(March 1949)-v.90, no.2(May 2000).</subfield>
  </datafield>
  <datafield tag="362" ind1="0" ind2=" ">
   <subfield code="a">Vol.92, no.1(March 2002)-</subfield>
  </datafield>
  <datafield tag="546" ind1=" " ind2=" ">
   <subfield code="a">English.</subfield>
  </datafield>
  <datafield tag="650" ind1=" " ind2="4">
   <subfield code="a">Economics</subfield>
   <subfield code="v">Periodicals.</subfield>
  </datafield>
  <datafield tag="710" ind1="2" ind2=" ">
   <subfield code="a">American Economic Association.</subfield>
  </datafield>
  <datafield tag="785" ind1=" " ind2="6">
   <subfield code="t">Journal of economic literature</subfield>
   <subfield code="x">0022-0515</subfield>
  </datafield>
  <datafield tag="785" ind1=" " ind2="6">
   <subfield code="t">#8;The 	journal of economic perspectives</subfield>
   <subfield code="x">0895-330</subfield>
  </datafield>
  <datafield tag="852" ind1=" " ind2=" ">
   <subfield code="a">INST</subfield>
   <subfield code="b">UNIPILB</subfield>
   <subfield code="c">SERIALS</subfield>
   <subfield code="e">20050125</subfield>
   <subfield code="h">Αλφαβητική σειρά</subfield>
   <subfield code="p">39294</subfield>
   <subfield code="q">39294</subfield>
   <subfield code="t">NOLOAN</subfield>
   <subfield code="v">vol.93;no.1:(Μήνας)March;(Έτος)2003</subfield>
   <subfield code="y">2</subfield>
  </datafield>
  <datafield tag="852" ind1=" " ind2=" ">
   <subfield code="a">INST</subfield>
   <subfield code="b">UNIPILB</subfield>
   <subfield code="c">SERIALS</subfield>
   <subfield code="e">20050125</subfield>
   <subfield code="h">Αλφαβητική σειρά</subfield>
   <subfield code="p">39295</subfield>
   <subfield code="q">39295</subfield>
   <subfield code="t">NOLOAN</subfield>
   <subfield code="v">vol.93;no.2:(Μήνας)May;(Έτος)2003</subfield>
   <subfield code="y">2</subfield>
  </datafield>
  <datafield tag="852" ind1=" " ind2=" ">
   <subfield code="a">INST</subfield>
   <subfield code="b">UNIPILB</subfield>
   <subfield code="c">SERIALS</subfield>
   <subfield code="e">20050125</subfield>
   <subfield code="h">Αλφαβητική σειρά</subfield>
   <subfield code="p">39296</subfield>
   <subfield code="q">39296</subfield>
   <subfield code="t">NOLOAN</subfield>
   <subfield code="v">vol.93;no.3:(Μήνας)June;(Έτος)2003</subfield>
   <subfield code="y">2</subfield>
  </datafield>
  <datafield tag="852" ind1=" " ind2=" ">
   <subfield code="a">INST</subfield>
   <subfield code="b">UNIPILB</subfield>
   <subfield code="c">SERIALS</subfield>
   <subfield code="e">20050125</subfield>
   <subfield code="h">Αλφαβητική σειρά</subfield>
   <subfield code="p">39297</subfield>
   <subfield code="q">39297</subfield>
   <subfield code="t">NOLOAN</subfield>
   <subfield code="v">vol.93;no.4:(Μήνας)September;(Έτος)2003</subfield>
   <subfield code="y">2</subfield>
  </datafield>
  <datafield tag="852" ind1=" " ind2=" ">
   <subfield code="a">INST</subfield>
   <subfield code="b">UNIPILB</subfield>
   <subfield code="c">SERIALS</subfield>
   <subfield code="e">20050125</subfield>
   <subfield code="h">Αλφαβητική σειρά</subfield>
   <subfield code="p">39298</subfield>
   <subfield code="q">39298</subfield>
   <subfield code="t">NOLOAN</subfield>
   <subfield code="v">vol.94;no.2:(Μήνας)May;(Έτος)2004</subfield>
   <subfield code="y">2</subfield>
  </datafield>
  <datafield tag="852" ind1=" " ind2=" ">
   <subfield code="a">INST</subfield>
   <subfield code="b">UNIPILB</subfield>
   <subfield code="c">SERIALS</subfield>
   <subfield code="e">20050125</subfield>
   <subfield code="h">Αλφαβητική σειρά</subfield>
   <subfield code="p">39299</subfield>
   <subfield code="q">39299</subfield>
   <subfield code="t">NOLOAN</subfield>
   <subfield code="v">vol.94;no.3:(Μήνας)June;(Έτος)2004</subfield>
   <subfield code="y">2</subfield>
  </datafield>
  <datafield tag="852" ind1=" " ind2=" ">
   <subfield code="a">INST</subfield>
   <subfield code="b">UNIPILB</subfield>
   <subfield code="c">SERIALS</subfield>
   <subfield code="e">20050203</subfield>
   <subfield code="h">Αλφαβητική σειρά</subfield>
   <subfield code="p">39609</subfield>
   <subfield code="q">39609</subfield>
   <subfield code="t">NOLOAN</subfield>
   <subfield code="v">vol.94;no.4:(Μήνας)September;(Έτος)2004</subfield>
   <subfield code="y">2</subfield>
  </datafield>
  <datafield tag="852" ind1=" " ind2=" ">
   <subfield code="a">INST</subfield>
   <subfield code="b">UNIPILB</subfield>
   <subfield code="c">SERIALS</subfield>
   <subfield code="e">20050707</subfield>
   <subfield code="h">Αλφαβητική σειρά</subfield>
   <subfield code="p">44557</subfield>
   <subfield code="q">44557</subfield>
   <subfield code="t">NOLOAN</subfield>
   <subfield code="v">vol.94;no.1:(Μήνας)March;(Έτος)2004</subfield>
   <subfield code="y">2</subfield>
  </datafield>
  <datafield tag="852" ind1=" " ind2=" ">
   <subfield code="a">INST</subfield>
   <subfield code="b">UNIPILB</subfield>
   <subfield code="c">SERIALS</subfield>
   <subfield code="e">20050707</subfield>
   <subfield code="h">Αλφαβητική σειρά</subfield>
   <subfield code="p">44558</subfield>
   <subfield code="q">44558</subfield>
   <subfield code="t">NOLOAN</subfield>
   <subfield code="v">vol.94;no.5:(Μήνας)December;(Έτος)2004</subfield>
   <subfield code="y">2</subfield>
  </datafield>
  <datafield tag="852" ind1=" " ind2=" ">
   <subfield code="a">INST</subfield>
   <subfield code="b">UNIPILB</subfield>
   <subfield code="c">SERIALS</subfield>
   <subfield code="e">20050916</subfield>
   <subfield code="h">Αλφαβητική σειρά</subfield>
   <subfield code="p">46887</subfield>
   <subfield code="q">46887</subfield>
   <subfield code="t">NOLOAN</subfield>
   <subfield code="v">vol.93;no.5:(Μήνας)December;(Έτος)2003</subfield>
   <subfield code="y">2</subfield>
  </datafield>
  <datafield tag="852" ind1=" " ind2=" ">
   <subfield code="a">INST</subfield>
   <subfield code="b">UNIPILB</subfield>
   <subfield code="c">SERIALS</subfield>
   <subfield code="e">20060405</subfield>
   <subfield code="h">Αλφαβητική σειρά</subfield>
   <subfield code="p">51095</subfield>
   <subfield code="q">51095</subfield>
   <subfield code="t">NOLOAN</subfield>
   <subfield code="v">vol.95;no.2:(Μήνας)May;(Έτος)2005</subfield>
   <subfield code="y">2</subfield>
  </datafield>
  <datafield tag="852" ind1=" " ind2=" ">
   <subfield code="a">INST</subfield>
   <subfield code="b">UNIPILB</subfield>
   <subfield code="c">SERIALS</subfield>
   <subfield code="e">20060405</subfield>
   <subfield code="h">Αλφαβητική σειρά</subfield>
   <subfield code="p">51096</subfield>
   <subfield code="q">51096</subfield>
   <subfield code="t">NOLOAN</subfield>
   <subfield code="v">vol.95;no.3:(Μήνας)June;(Έτος)2005</subfield>
   <subfield code="y">2</subfield>
  </datafield>
  <datafield tag="852" ind1=" " ind2=" ">
   <subfield code="a">INST</subfield>
   <subfield code="b">UNIPILB</subfield>
   <subfield code="c">SERIALS</subfield>
   <subfield code="e">20060405</subfield>
   <subfield code="h">Αλφαβητική σειρά</subfield>
   <subfield code="p">51097</subfield>
   <subfield code="q">51097</subfield>
   <subfield code="t">NOLOAN</subfield>
   <subfield code="v">vol.95;no.4:(Μήνας)September;(Έτος)2005</subfield>
   <subfield code="y">2</subfield>
  </datafield>
  <datafield tag="852" ind1=" " ind2=" ">
   <subfield code="a">INST</subfield>
   <subfield code="b">UNIPILB</subfield>
   <subfield code="c">SERIALS</subfield>
   <subfield code="e">20060705</subfield>
   <subfield code="h">Αλφαβητική σειρά</subfield>
   <subfield code="p">51810</subfield>
   <subfield code="q">51810</subfield>
   <subfield code="t">NOLOAN</subfield>
   <subfield code="v">vol.95;no.1:(Μήνας)March;(Έτος)2005</subfield>
   <subfield code="y">2</subfield>
  </datafield>
  <datafield tag="852" ind1=" " ind2=" ">
   <subfield code="a">INST</subfield>
   <subfield code="b">UNIPILB</subfield>
   <subfield code="c">SERIALS</subfield>
   <subfield code="e">20080331</subfield>
   <subfield code="h">Αλφαβητική σειρά</subfield>
   <subfield code="p">60358</subfield>
   <subfield code="q">60358</subfield>
   <subfield code="t">NOLOAN</subfield>
   <subfield code="v">vol.97;no.1:(Μήνας)March;(Έτος)2007</subfield>
   <subfield code="y">2</subfield>
  </datafield>
  <datafield tag="852" ind1=" " ind2=" ">
   <subfield code="a">INST</subfield>
   <subfield code="b">UNIPILB</subfield>
   <subfield code="c">SERIALS</subfield>
   <subfield code="e">20080331</subfield>
   <subfield code="h">Αλφαβητική σειρά</subfield>
   <subfield code="p">60359</subfield>
   <subfield code="q">60359</subfield>
   <subfield code="t">NOLOAN</subfield>
   <subfield code="v">vol.97;no.2:(Μήνας)May;(Έτος)2007</subfield>
   <subfield code="y">2</subfield>
  </datafield>
  <datafield tag="852" ind1=" " ind2=" ">
   <subfield code="a">INST</subfield>
   <subfield code="b">UNIPILB</subfield>
   <subfield code="c">SERIALS</subfield>
   <subfield code="e">20080331</subfield>
   <subfield code="h">Αλφαβητική σειρά</subfield>
   <subfield code="p">60360</subfield>
   <subfield code="q">60360</subfield>
   <subfield code="t">NOLOAN</subfield>
   <subfield code="v">vol.97;no.3:(Μήνας)June;(Έτος)2007</subfield>
   <subfield code="y">2</subfield>
  </datafield>
  <datafield tag="852" ind1=" " ind2=" ">
   <subfield code="a">INST</subfield>
   <subfield code="b">UNIPILB</subfield>
   <subfield code="c">SERIALS</subfield>
   <subfield code="e">20080331</subfield>
   <subfield code="h">Αλφαβητική σειρά</subfield>
   <subfield code="p">60361</subfield>
   <subfield code="q">60361</subfield>
   <subfield code="t">NOLOAN</subfield>
   <subfield code="v">vol.97;no.4:(Μήνας)September;(Έτος)2007</subfield>
   <subfield code="y">2</subfield>
  </datafield>
  <datafield tag="852" ind1=" " ind2=" ">
   <subfield code="a">INST</subfield>
   <subfield code="b">UNIPILB</subfield>
   <subfield code="c">SERIALS</subfield>
   <subfield code="e">20080331</subfield>
   <subfield code="h">Αλφαβητική σειρά</subfield>
   <subfield code="p">60362</subfield>
   <subfield code="q">60362</subfield>
   <subfield code="t">NOLOAN</subfield>
   <subfield code="v">vol.97;no.5:(Μήνας)December;(Έτος)2007</subfield>
   <subfield code="y">2</subfield>
  </datafield>
  <datafield tag="852" ind1=" " ind2=" ">
   <subfield code="a">INST</subfield>
   <subfield code="b">UNIPILB</subfield>
   <subfield code="c">SERIALS</subfield>
   <subfield code="e">20091029</subfield>
   <subfield code="h">Αλφαβητική σειρά</subfield>
   <subfield code="p">65120</subfield>
   <subfield code="q">65120</subfield>
   <subfield code="t">NOLOAN</subfield>
   <subfield code="v">vol.99;no.1:(Μήνας)March;(Έτος)2009</subfield>
   <subfield code="y">2</subfield>
  </datafield>
  <datafield tag="852" ind1=" " ind2=" ">
   <subfield code="a">INST</subfield>
   <subfield code="b">UNIPILB</subfield>
   <subfield code="c">SERIALS</subfield>
   <subfield code="e">20091029</subfield>
   <subfield code="h">Αλφαβητική σειρά</subfield>
   <subfield code="p">65121</subfield>
   <subfield code="q">65121</subfield>
   <subfield code="t">NOLOAN</subfield>
   <subfield code="v">vol.99;no.3:(Μήνας)June;(Έτος)2009</subfield>
   <subfield code="y">2</subfield>
  </datafield>
  <datafield tag="852" ind1=" " ind2=" ">
   <subfield code="a">INST</subfield>
   <subfield code="b">UNIPILB</subfield>
   <subfield code="c">SERIALS</subfield>
   <subfield code="e">20091126</subfield>
   <subfield code="h">Αλφαβητική σειρά</subfield>
   <subfield code="p">65479</subfield>
   <subfield code="q">65479</subfield>
   <subfield code="t">NOLOAN</subfield>
   <subfield code="v">vol.99;no.4:(Μήνας)September;(Έτος)2009</subfield>
   <subfield code="y">2</subfield>
  </datafield>
  <datafield tag="852" ind1=" " ind2=" ">
   <subfield code="a">INST</subfield>
   <subfield code="b">UNIPILB</subfield>
   <subfield code="c">SERIALS</subfield>
   <subfield code="e">20100127</subfield>
   <subfield code="h">Αλφαβητική σειρά</subfield>
   <subfield code="p">66436</subfield>
   <subfield code="q">66436</subfield>
   <subfield code="t">NOLOAN</subfield>
   <subfield code="v">vol.99;no.2:(Μήνας)May;(Έτος)2009</subfield>
   <subfield code="y">2</subfield>
  </datafield>
  <datafield tag="852" ind1=" " ind2=" ">
   <subfield code="a">INST</subfield>
   <subfield code="b">UNIPILB</subfield>
   <subfield code="c">SERIALS</subfield>
   <subfield code="e">20100226</subfield>
   <subfield code="h">Αλφαβητική σειρά</subfield>
   <subfield code="p">67109</subfield>
   <subfield code="q">67109</subfield>
   <subfield code="t">NOLOAN</subfield>
   <subfield code="v">vol.99;no.5:(Μήνας)December;(Έτος)2009</subfield>
   <subfield code="y">2</subfield>
  </datafield>
  <datafield tag="852" ind1=" " ind2=" ">
   <subfield code="a">INST</subfield>
   <subfield code="b">UNIPILB</subfield>
   <subfield code="c">SERIALS</subfield>
   <subfield code="e">20100706</subfield>
   <subfield code="h">Αλφαβητική σειρά</subfield>
   <subfield code="p">69377</subfield>
   <subfield code="q">69377</subfield>
   <subfield code="t">NOLOAN</subfield>
   <subfield code="v">vol.100;no.2:(Μήνας)May;(Έτος)2010</subfield>
   <subfield code="y">2</subfield>
  </datafield>
  <datafield tag="852" ind1=" " ind2=" ">
   <subfield code="a">INST</subfield>
   <subfield code="b">UNIPILB</subfield>
   <subfield code="c">SERIALS</subfield>
   <subfield code="e">20100826</subfield>
   <subfield code="h">Αλφαβητική σειρά</subfield>
   <subfield code="p">69634</subfield>
   <subfield code="q">69634</subfield>
   <subfield code="t">NOLOAN</subfield>
   <subfield code="v">vol.100;no.3:(Μήνας)June;(Έτος)2010</subfield>
   <subfield code="y">2</subfield>
  </datafield>
  <datafield tag="852" ind1=" " ind2=" ">
   <subfield code="a">INST</subfield>
   <subfield code="b">UNIPILB</subfield>
   <subfield code="c">SERIALS</subfield>
   <subfield code="e">20101018</subfield>
   <subfield code="h">Αλφαβητική σειρά</subfield>
   <subfield code="p">70160</subfield>
   <subfield code="q">70160</subfield>
   <subfield code="t">NOLOAN</subfield>
   <subfield code="v">vol.100;no.4:(Μήνας)September;(Έτος)2010</subfield>
   <subfield code="y">2</subfield>
  </datafield>
  <datafield tag="852" ind1=" " ind2=" ">
   <subfield code="a">INST</subfield>
   <subfield code="b">UNIPILB</subfield>
   <subfield code="c">SERIALS</subfield>
   <subfield code="e">20110304</subfield>
   <subfield code="h">Αλφαβητική σειρά</subfield>
   <subfield code="p">71265</subfield>
   <subfield code="q">71265</subfield>
   <subfield code="t">NOLOAN</subfield>
   <subfield code="v">vol.100;no.5:(Μήνας)December;(Έτος)2010</subfield>
   <subfield code="y">2</subfield>
  </datafield>
  <datafield tag="852" ind1=" " ind2=" ">
   <subfield code="a">INST</subfield>
   <subfield code="b">UNIPILB</subfield>
   <subfield code="c">SERIALS</subfield>
   <subfield code="e">20110511</subfield>
   <subfield code="h">Αλφαβητική σειρά</subfield>
   <subfield code="p">71755</subfield>
   <subfield code="q">71755</subfield>
   <subfield code="t">NOLOAN</subfield>
   <subfield code="v">vol.101;no.1:(Μήνας)February;(Έτος)2011</subfield>
   <subfield code="y">2</subfield>
  </datafield>
  <datafield tag="852" ind1=" " ind2=" ">
   <subfield code="a">INST</subfield>
   <subfield code="b">UNIPILB</subfield>
   <subfield code="c">SERIALS</subfield>
   <subfield code="e">20110616</subfield>
   <subfield code="h">Αλφαβητική σειρά</subfield>
   <subfield code="p">71946</subfield>
   <subfield code="q">71946</subfield>
   <subfield code="t">NOLOAN</subfield>
   <subfield code="v">vol.101;no.2:(Μήνας)April;(Έτος)2011</subfield>
   <subfield code="y">2</subfield>
  </datafield>
  <datafield tag="852" ind1=" " ind2=" ">
   <subfield code="a">INST</subfield>
   <subfield code="b">UNIPILB</subfield>
   <subfield code="c">SERIALS</subfield>
   <subfield code="e">20110714</subfield>
   <subfield code="h">Αλφαβητική σειρά</subfield>
   <subfield code="p">72260</subfield>
   <subfield code="q">72260</subfield>
   <subfield code="t">NOLOAN</subfield>
   <subfield code="v">vol.101;no.3:(Μήνας)May;(Έτος)2011</subfield>
   <subfield code="y">2</subfield>
  </datafield>
  <datafield tag="852" ind1=" " ind2=" ">
   <subfield code="a">INST</subfield>
   <subfield code="b">UNIPILB</subfield>
   <subfield code="c">SERIALS</subfield>
   <subfield code="e">20110725</subfield>
   <subfield code="h">Αλφαβητική σειρά</subfield>
   <subfield code="p">72440</subfield>
   <subfield code="q">72440</subfield>
   <subfield code="t">NOLOAN</subfield>
   <subfield code="v">vol.101;no.4:(Μήνας)June;(Έτος)2011</subfield>
   <subfield code="y">2</subfield>
  </datafield>
  <datafield tag="852" ind1=" " ind2=" ">
   <subfield code="a">INST</subfield>
   <subfield code="b">UNIPILB</subfield>
   <subfield code="c">SERIALS</subfield>
   <subfield code="e">20111003</subfield>
   <subfield code="h">Αλφαβητική σειρά</subfield>
   <subfield code="p">72894</subfield>
   <subfield code="q">72894</subfield>
   <subfield code="t">NOLOAN</subfield>
   <subfield code="v">vol.101;no.5:(Μήνας)Αύγουστος;(Έτος)2011</subfield>
   <subfield code="y">2</subfield>
  </datafield>
  <datafield tag="852" ind1=" " ind2=" ">
   <subfield code="a">INST</subfield>
   <subfield code="b">UNIPILB</subfield>
   <subfield code="c">SERIALS</subfield>
   <subfield code="e">20111124</subfield>
   <subfield code="h">Αλφαβητική σειρά</subfield>
   <subfield code="p">73509</subfield>
   <subfield code="q">73509</subfield>
   <subfield code="t">NOLOAN</subfield>
   <subfield code="v">vol.101;no.6:(Μήνας)October;(Έτος)2011</subfield>
   <subfield code="y">2</subfield>
  </datafield>
  <datafield tag="852" ind1=" " ind2=" ">
   <subfield code="a">INST</subfield>
   <subfield code="b">UNIPILB</subfield>
   <subfield code="c">SERIALS</subfield>
   <subfield code="e">20120209</subfield>
   <subfield code="h">Αλφαβητική σειρά</subfield>
   <subfield code="p">74421</subfield>
   <subfield code="q">74421</subfield>
   <subfield code="t">NOLOAN</subfield>
   <subfield code="v">vol.101;no.7:(Μήνας)December;(Έτος)2011</subfield>
   <subfield code="y">2</subfield>
  </datafield>
  <datafield tag="852" ind1=" " ind2=" ">
   <subfield code="a">INST</subfield>
   <subfield code="b">UNIPILB</subfield>
   <subfield code="c">SERIALS</subfield>
   <subfield code="e">20120209</subfield>
   <subfield code="h">Αλφαβητική σειρά</subfield>
   <subfield code="p">74425</subfield>
   <subfield code="q">74425</subfield>
   <subfield code="t">NOLOAN</subfield>
   <subfield code="v">vol.101;no.1:(Μήνας)February;(Έτος)2011</subfield>
   <subfield code="y">2</subfield>
  </datafield>
  <datafield tag="852" ind1=" " ind2=" ">
   <subfield code="a">INST</subfield>
   <subfield code="b">UNIPILB</subfield>
   <subfield code="c">SERIALS</subfield>
   <subfield code="e">20120409</subfield>
   <subfield code="h">Αλφαβητική σειρά</subfield>
   <subfield code="p">75133</subfield>
   <subfield code="q">75133</subfield>
   <subfield code="t">NOLOAN</subfield>
   <subfield code="v">vol.102;no.1:(Μήνας)February;(Έτος)2012</subfield>
   <subfield code="y">2</subfield>
  </datafield>
  <datafield tag="852" ind1=" " ind2=" ">
   <subfield code="a">INST</subfield>
   <subfield code="b">UNIPILB</subfield>
   <subfield code="c">SERIALS</subfield>
   <subfield code="e">20120511</subfield>
   <subfield code="h">Αλφαβητική σειρά</subfield>
   <subfield code="p">75399</subfield>
   <subfield code="q">75399</subfield>
   <subfield code="t">NOLOAN</subfield>
   <subfield code="v">vol.102;no.2:(Μήνας)April;(Έτος)2012</subfield>
   <subfield code="y">2</subfield>
  </datafield>
  <datafield tag="852" ind1=" " ind2=" ">
   <subfield code="a">INST</subfield>
   <subfield code="b">UNIPILB</subfield>
   <subfield code="c">SERIALS</subfield>
   <subfield code="e">20120608</subfield>
   <subfield code="h">Αλφαβητική σειρά</subfield>
   <subfield code="p">75706</subfield>
   <subfield code="q">75706</subfield>
   <subfield code="t">NOLOAN</subfield>
   <subfield code="v">vol.102;no.3:(Μήνας)May;(Έτος)2012</subfield>
   <subfield code="y">2</subfield>
  </datafield>
  <datafield tag="852" ind1=" " ind2=" ">
   <subfield code="a">INST</subfield>
   <subfield code="b">UNIPILB</subfield>
   <subfield code="c">SERIALS</subfield>
   <subfield code="e">20120720</subfield>
   <subfield code="h">Αλφαβητική σειρά</subfield>
   <subfield code="p">76116</subfield>
   <subfield code="q">76116</subfield>
   <subfield code="t">NOLOAN</subfield>
   <subfield code="v">vol.102;no.4:(Μήνας)June;(Έτος)2012</subfield>
   <subfield code="y">2</subfield>
  </datafield>
  <datafield tag="852" ind1=" " ind2=" ">
   <subfield code="a">INST</subfield>
   <subfield code="b">UNIPILB</subfield>
   <subfield code="c">SERIALS</subfield>
   <subfield code="e">20120829</subfield>
   <subfield code="h">Αλφαβητική σειρά</subfield>
   <subfield code="p">76319</subfield>
   <subfield code="q">76319</subfield>
   <subfield code="t">NOLOAN</subfield>
   <subfield code="v">vol.101;no.1 100th ANNIVERSARY:(Μήνας)February;(Έτος)2011</subfield>
   <subfield code="y">2</subfield>
  </datafield>
  <datafield tag="852" ind1=" " ind2=" ">
   <subfield code="a">INST</subfield>
   <subfield code="b">UNIPILB</subfield>
   <subfield code="c">SERIALS</subfield>
   <subfield code="e">20120831</subfield>
   <subfield code="h">Αλφαβητική σειρά</subfield>
   <subfield code="p">76341</subfield>
   <subfield code="q">76341</subfield>
   <subfield code="t">NOLOAN</subfield>
   <subfield code="v">vol.102;no.5:(Μήνας)August;(Έτος)2012</subfield>
   <subfield code="y">2</subfield>
  </datafield>
  <datafield tag="852" ind1=" " ind2=" ">
   <subfield code="a">INST</subfield>
   <subfield code="b">UNIPILB</subfield>
   <subfield code="c">SERIALS</subfield>
   <subfield code="e">20121026</subfield>
   <subfield code="h">Αλφαβητική σειρά</subfield>
   <subfield code="p">76958</subfield>
   <subfield code="q">76958</subfield>
   <subfield code="t">NOLOAN</subfield>
   <subfield code="v">vol.102;no.6:(Μήνας)October;(Έτος)2012</subfield>
   <subfield code="y">2</subfield>
  </datafield>
  <datafield tag="852" ind1=" " ind2=" ">
   <subfield code="a">INST</subfield>
   <subfield code="b">UNIPILB</subfield>
   <subfield code="c">SERIALS</subfield>
   <subfield code="e">20130108</subfield>
   <subfield code="h">Αλφαβητική σειρά</subfield>
   <subfield code="p">77409</subfield>
   <subfield code="q">77409</subfield>
   <subfield code="t">NOLOAN</subfield>
   <subfield code="v">vol.102;no.7:(Μήνας)December;(Έτος)2012</subfield>
   <subfield code="y">2</subfield>
  </datafield>
  <datafield tag="852" ind1=" " ind2=" ">
   <subfield code="a">INST</subfield>
   <subfield code="b">UNIPILB</subfield>
   <subfield code="c">SERIALS</subfield>
   <subfield code="e">20130228</subfield>
   <subfield code="h">Αλφαβητική σειρά</subfield>
   <subfield code="p">78249</subfield>
   <subfield code="q">78249</subfield>
   <subfield code="t">NOLOAN</subfield>
   <subfield code="v">vol.103;no.1:(Μήνας)February;(Έτος)2013</subfield>
   <subfield code="y">2</subfield>
  </datafield>
  <datafield tag="852" ind1=" " ind2=" ">
   <subfield code="a">INST</subfield>
   <subfield code="b">UNIPILB</subfield>
   <subfield code="c">SERIALS</subfield>
   <subfield code="e">20130513</subfield>
   <subfield code="h">Αλφαβητική σειρά</subfield>
   <subfield code="p">79445</subfield>
   <subfield code="q">79445</subfield>
   <subfield code="t">NOLOAN</subfield>
   <subfield code="v">vol.103;no.2:(Μήνας)April;(Έτος)2013</subfield>
   <subfield code="y">2</subfield>
  </datafield>
  <datafield tag="852" ind1=" " ind2=" ">
   <subfield code="a">INST</subfield>
   <subfield code="b">UNIPILB</subfield>
   <subfield code="c">SERIALS</subfield>
   <subfield code="e">20130610</subfield>
   <subfield code="h">Αλφαβητική σειρά</subfield>
   <subfield code="p">80012</subfield>
   <subfield code="q">80012</subfield>
   <subfield code="t">NOLOAN</subfield>
   <subfield code="v">vol.103;no.3:(Μήνας)May;(Έτος)2013</subfield>
   <subfield code="y">2</subfield>
  </datafield>
  <datafield tag="852" ind1=" " ind2=" ">
   <subfield code="a">INST</subfield>
   <subfield code="b">UNIPILB</subfield>
   <subfield code="c">SERIALS</subfield>
   <subfield code="e">20130705</subfield>
   <subfield code="h">Αλφαβητική σειρά</subfield>
   <subfield code="p">80265</subfield>
   <subfield code="q">80265</subfield>
   <subfield code="t">NOLOAN</subfield>
   <subfield code="v">vol.103;no.4:(Μήνας)June;(Έτος)2013</subfield>
   <subfield code="y">2</subfield>
  </datafield>
  <datafield tag="852" ind1=" " ind2=" ">
   <subfield code="a">INST</subfield>
   <subfield code="b">UNIPILB</subfield>
   <subfield code="c">SERIALS</subfield>
   <subfield code="e">20170616</subfield>
   <subfield code="h">Αλφαβητική σειρά</subfield>
   <subfield code="p">90725</subfield>
   <subfield code="q">90725</subfield>
   <subfield code="t">NOLOAN</subfield>
   <subfield code="v">vol.98;no.4:(Μήνας)September;(Έτος)2008</subfield>
   <subfield code="y">2</subfield>
  </datafield>
  <datafield tag="852" ind1=" " ind2=" ">
   <subfield code="a">INST</subfield>
   <subfield code="b">UNIPILB</subfield>
   <subfield code="c">SERIALS</subfield>
   <subfield code="e">20170616</subfield>
   <subfield code="h">Αλφαβητική σειρά</subfield>
   <subfield code="p">90726</subfield>
   <subfield code="q">90726</subfield>
   <subfield code="t">NOLOAN</subfield>
   <subfield code="v">vol.105;no.1:(Μήνας)March;(Έτος)2014</subfield>
   <subfield code="y">2</subfield>
  </datafield>
  <datafield tag="852" ind1=" " ind2=" ">
   <subfield code="a">INST</subfield>
   <subfield code="b">UNIPILB</subfield>
   <subfield code="c">SERIALS</subfield>
   <subfield code="e">20170905</subfield>
   <subfield code="h">Αλφαβητική σειρά</subfield>
   <subfield code="p">91138</subfield>
   <subfield code="q">91138</subfield>
   <subfield code="t">NOLOAN</subfield>
   <subfield code="v">vol.96;no.1:(Μήνας)March;(Έτος)2006</subfield>
   <subfield code="y">2</subfield>
  </datafield>
  <datafield tag="852" ind1=" " ind2=" ">
   <subfield code="a">INST</subfield>
   <subfield code="b">UNIPILB</subfield>
   <subfield code="c">SERIALS</subfield>
   <subfield code="e">20171101</subfield>
   <subfield code="h">Αλφαβητική σειρά</subfield>
   <subfield code="p">91518</subfield>
   <subfield code="q">91518</subfield>
   <subfield code="t">NOLOAN</subfield>
   <subfield code="v">vol.96;no.2:(Μήνας)May;(Έτος)2006</subfield>
   <subfield code="y">2</subfield>
  </datafield>
  <datafield tag="852" ind1=" " ind2=" ">
   <subfield code="a">INST</subfield>
   <subfield code="b">UNIPILB</subfield>
   <subfield code="c">SERIALS</subfield>
   <subfield code="e">20180918</subfield>
   <subfield code="h">Αλφαβητική σειρά</subfield>
   <subfield code="p">92661</subfield>
   <subfield code="q">92661</subfield>
   <subfield code="t">NOLOAN</subfield>
   <subfield code="v">vol.96;no.3:(Μήνας)June;(Έτος)2006</subfield>
   <subfield code="y">2</subfield>
  </datafield>
  <datafield tag="856" ind1=" " ind2=" ">
   <subfield code="u">http://www.jstor.org/action/showPublication?journalCode=amereconrev</subfield>
  </datafield>
  <datafield tag="900" ind1=" " ind2=" ">
   <subfield code="a">Vol. 107 no. 2 (May 2016)</subfield>
   <subfield code="b">Αν/μενοISS</subfield>
   <subfield code="c">12/04/201</subfield>
  </datafield>
  <datafield tag="900" ind1=" " ind2=" ">
   <subfield code="a">Vol. 96 no. 4 (September 2006)</subfield>
   <subfield code="b">Αν/μενοISS</subfield>
   <subfield code="c">04/10/200</subfield>
  </datafield>
  <datafield tag="900" ind1=" " ind2=" ">
   <subfield code="a">Vol. 98 no. 1 (March 2008)</subfield>
   <subfield code="b">Αν/μενοISS</subfield>
   <subfield code="c">13/03/200</subfield>
  </datafield>
  <datafield tag="900" ind1=" " ind2=" ">
   <subfield code="a">Vol. 98 no. 2 (May 2008)</subfield>
   <subfield code="b">Αν/μενοISS</subfield>
   <subfield code="c">29/04/200</subfield>
  </datafield>
  <datafield tag="900" ind1=" " ind2=" ">
   <subfield code="a">Vol. 98 no. 3 (June 2008)</subfield>
   <subfield code="b">Αν/μενοISS</subfield>
   <subfield code="c">30/05/200</subfield>
  </datafield>
  <datafield tag="900" ind1=" " ind2=" ">
   <subfield code="a">Vol. 104 no. 1 (September 2013)</subfield>
   <subfield code="b">Αν/μενοISS</subfield>
   <subfield code="c">20/02/201</subfield>
  </datafield>
  <datafield tag="900" ind1=" " ind2=" ">
   <subfield code="a">Vol. 105 no. 2 (May 2014)</subfield>
   <subfield code="b">Αν/μενοISS</subfield>
   <subfield code="c">13/10/201</subfield>
  </datafield>
  <datafield tag="900" ind1=" " ind2=" ">
   <subfield code="a">Vol. 105 no. 3 (June 2014)</subfield>
   <subfield code="b">Αν/μενοISS</subfield>
   <subfield code="c">13/11/201</subfield>
  </datafield>
  <datafield tag="900" ind1=" " ind2=" ">
   <subfield code="a">Vol. 105 no. 4 (September 2014)</subfield>
   <subfield code="b">Αν/μενοISS</subfield>
   <subfield code="c">13/02/201</subfield>
  </datafield>
  <datafield tag="900" ind1=" " ind2=" ">
   <subfield code="a">Vol. 106 no. 1 (March 2015)</subfield>
   <subfield code="b">Αν/μενοISS</subfield>
   <subfield code="c">13/08/201</subfield>
  </datafield>
  <datafield tag="900" ind1=" " ind2=" ">
   <subfield code="a">Vol. 106 no. 2 (May 2015)</subfield>
   <subfield code="b">Αν/μενοISS</subfield>
   <subfield code="c">13/10/201</subfield>
  </datafield>
  <datafield tag="900" ind1=" " ind2=" ">
   <subfield code="a">Vol. 106 no. 3 (June 2015)</subfield>
   <subfield code="b">Αν/μενοISS</subfield>
   <subfield code="c">13/11/201</subfield>
  </datafield>
  <datafield tag="900" ind1=" " ind2=" ">
   <subfield code="a">Vol. 106 no. 4 (September 2015)</subfield>
   <subfield code="b">Αν/μενοISS</subfield>
   <subfield code="c">18/02/201</subfield>
  </datafield>
  <datafield tag="900" ind1=" " ind2=" ">
   <subfield code="a">Vol. 107 no. 1 (March 2016)</subfield>
   <subfield code="b">Αν/μενοISS</subfield>
   <subfield code="c">19/08/201</subfield>
  </datafield>
  <datafield tag="950" ind1=" " ind2=" ">
   <subfield code="a">01/03/2003</subfield>
   <subfield code="c">ANACO Κ. ΑΝΑΓΝΩΣΤΟΥ Ε.Π.Ε., ΜΗΧΑΝΗΜΑΤΑ ΚΑΙ ΣΥΣΤΗΜΑΤΑ ΟΡΓΑΝΩΣΗΣ ΓΡΑΦΕΙΟΥ</subfield>
   <subfield code="d">15</subfield>
  </datafield>
  <datafield tag="951" ind1=" " ind2=" ">
   <subfield code="a">Vol. 90 No.3 (June 2000)</subfield>
   <subfield code="b">Main ru</subfield>
  </datafield>
  <datafield tag="951" ind1=" " ind2=" ">
   <subfield code="b">Main ru</subfield>
  </datafield>
  <datafield tag="951" ind1=" " ind2=" ">
   <subfield code="a">93 1 (March 2003) -  93 4 (September 2003)</subfield>
   <subfield code="b">Main ru</subfield>
  </datafield>
  <datafield tag="951" ind1=" " ind2=" ">
   <subfield code="a">Vol. 93 no. 5   (December 2003)</subfield>
   <subfield code="b">Main ru</subfield>
  </datafield>
  <datafield tag="951" ind1=" " ind2=" ">
   <subfield code="a">105 1 (January 2015) - 6 (June 2015)</subfield>
   <subfield code="b">Main ru</subfield>
  </datafield>
  <datafield tag="951" ind1=" " ind2=" ">
   <subfield code="a">94 1 (March 2004) -  95 5 (December 2005)</subfield>
   <subfield code="b">Main ru</subfield>
  </datafield>
  <datafield tag="951" ind1=" " ind2=" ">
   <subfield code="a">96 1 (March 2006) -  96 5 (December 2006)</subfield>
   <subfield code="b">Main ru</subfield>
  </datafield>
  <datafield tag="951" ind1=" " ind2=" ">
   <subfield code="a">97 1 (March 2007) -  97 5 (December 2007)</subfield>
   <subfield code="b">Main ru</subfield>
  </datafield>
  <datafield tag="951" ind1=" " ind2=" ">
   <subfield code="a">98 1 (March 2008) -  98 5 (December 2008)</subfield>
   <subfield code="b">Main ru</subfield>
  </datafield>
  <datafield tag="951" ind1=" " ind2=" ">
   <subfield code="a">99 1 (March 2009) -  99 5 (December 2009)</subfield>
   <subfield code="b">Main ru</subfield>
  </datafield>
  <datafield tag="951" ind1=" " ind2=" ">
   <subfield code="a">100 5   (December 2010)</subfield>
   <subfield code="b">Main ru</subfield>
  </datafield>
  <datafield tag="951" ind1=" " ind2=" ">
   <subfield code="a">100 2 (May 2010) -  100 4 (September 2010)</subfield>
   <subfield code="b">Main ru</subfield>
  </datafield>
  <datafield tag="951" ind1=" " ind2=" ">
   <subfield code="a">101 1 (February 2011)</subfield>
   <subfield code="b">Main ru</subfield>
  </datafield>
  <datafield tag="951" ind1=" " ind2=" ">
   <subfield code="a">Vol. 101 no. 1   (February 2012 100th ANNIVERSARY)</subfield>
   <subfield code="b">Main ru</subfield>
  </datafield>
  <datafield tag="951" ind1=" " ind2=" ">
   <subfield code="a">101 1   (February 2011)</subfield>
   <subfield code="b">Main ru</subfield>
  </datafield>
  <datafield tag="951" ind1=" " ind2=" ">
   <subfield code="b">Main ru</subfield>
  </datafield>
  <datafield tag="951" ind1=" " ind2=" ">
   <subfield code="b">Main ru</subfield>
  </datafield>
  <datafield tag="951" ind1=" " ind2=" ">
   <subfield code="b">Main ru</subfield>
  </datafield>
  <datafield tag="951" ind1=" " ind2=" ">
   <subfield code="a">101 2 (April 2011) -  101 4 (June 2011)</subfield>
   <subfield code="b">Main ru</subfield>
  </datafield>
  <datafield tag="951" ind1=" " ind2=" ">
   <subfield code="a">Vol. 101 no. 5 (Αύγουστος 2011)</subfield>
   <subfield code="b">Main ru</subfield>
  </datafield>
  <datafield tag="951" ind1=" " ind2=" ">
   <subfield code="a">Vol. 101 no. 6 (October 2011)</subfield>
   <subfield code="b">Main ru</subfield>
  </datafield>
  <datafield tag="951" ind1=" " ind2=" ">
   <subfield code="a">Vol. 101 no. 7 (December 2011)</subfield>
   <subfield code="b">Main ru</subfield>
  </datafield>
  <datafield tag="951" ind1=" " ind2=" ">
   <subfield code="a">102 1 (February 2012) -  102 7 (December 2012)</subfield>
   <subfield code="b">Main ru</subfield>
  </datafield>
  <datafield tag="951" ind1=" " ind2=" ">
   <subfield code="a">103 1 (February 2013) -  103 5 (August 2013)</subfield>
   <subfield code="b">Main ru</subfield>
  </datafield>
  <datafield tag="951" ind1=" " ind2=" ">
   <subfield code="a">105 1 (March 2014)</subfield>
   <subfield code="b">Main ru</subfield>
  </datafield>
  <datafield tag="951" ind1=" " ind2=" ">
   <subfield code="a">104 2(February 2014) - 12 (December 2014)</subfield>
   <subfield code="b">Main ru</subfield>
  </datafield>
  <datafield tag="951" ind1=" " ind2=" ">
   <subfield code="a">Vol. 69 No.2 (May 1969)</subfield>
   <subfield code="b">Main ru</subfield>
  </datafield>
  <datafield tag="951" ind1=" " ind2=" ">
   <subfield code="a">Vol. 69 No.5 (December 1969)</subfield>
   <subfield code="b">Main ru</subfield>
  </datafield>
  <datafield tag="951" ind1=" " ind2=" ">
   <subfield code="a">Vol. 70 No.3 (June 1980)</subfield>
   <subfield code="b">Main ru</subfield>
  </datafield>
  <datafield tag="951" ind1=" " ind2=" ">
   <subfield code="a">Vol. 70 No. 4 (September 1980)</subfield>
   <subfield code="b">Main ru</subfield>
  </datafield>
  <datafield tag="951" ind1=" " ind2=" ">
   <subfield code="a">Vol. 74 No.3 (June 1984)</subfield>
   <subfield code="b">Main ru</subfield>
  </datafield>
  <datafield tag="951" ind1=" " ind2=" ">
   <subfield code="a">Vol. 75 No. 3 (June 1985)</subfield>
   <subfield code="b">Main ru</subfield>
  </datafield>
  <datafield tag="951" ind1=" " ind2=" ">
   <subfield code="a">Vol. 75 No.5 (December 1985)</subfield>
   <subfield code="b">Main ru</subfield>
  </datafield>
  <datafield tag="951" ind1=" " ind2=" ">
   <subfield code="a">Vol. 77 No.5 (December 1987)</subfield>
   <subfield code="b">Main ru</subfield>
  </datafield>
  <datafield tag="951" ind1=" " ind2=" ">
   <subfield code="a">Vol. 79 No.1 (March 1989)</subfield>
   <subfield code="b">Main ru</subfield>
  </datafield>
  <datafield tag="951" ind1=" " ind2=" ">
   <subfield code="a">Vol. 80 No.1 (March 1990)</subfield>
   <subfield code="b">Main ru</subfield>
  </datafield>
  <datafield tag="951" ind1=" " ind2=" ">
   <subfield code="a">Vol. 81 No. 3 (May 1991)</subfield>
   <subfield code="b">Main ru</subfield>
  </datafield>
  <datafield tag="951" ind1=" " ind2=" ">
   <subfield code="a">Vol. 81 No. 4 (September 1991)</subfield>
   <subfield code="b">Main ru</subfield>
  </datafield>
  <datafield tag="951" ind1=" " ind2=" ">
   <subfield code="a">Vol. 83 No. 5 (Decemeber 1993)</subfield>
   <subfield code="b">Main ru</subfield>
  </datafield>
  <datafield tag="951" ind1=" " ind2=" ">
   <subfield code="a">Vol. 83 No. 1 (March 1993) - Vol. 83 No. 2 (May 1993)</subfield>
   <subfield code="b">Main ru</subfield>
  </datafield>
  <datafield tag="951" ind1=" " ind2=" ">
   <subfield code="a">Vol. 84 No. 1 (March 1994) - Vol. 84 No. 2 (May 1994)</subfield>
   <subfield code="b">Main ru</subfield>
  </datafield>
  <datafield tag="951" ind1=" " ind2=" ">
   <subfield code="a">Vol. 84 No. 4(September) - Vol. 84 No.5 ( December 1994)</subfield>
   <subfield code="b">Main ru</subfield>
  </datafield>
  <datafield tag="951" ind1=" " ind2=" ">
   <subfield code="a">Vol. 85 No. 1 (March 1995)</subfield>
   <subfield code="b">Main ru</subfield>
  </datafield>
  <datafield tag="951" ind1=" " ind2=" ">
   <subfield code="a">Vol. 86 No. 1 (March 1996) -Vol. 86 No. 2 (May 1996)</subfield>
   <subfield code="b">Main ru</subfield>
  </datafield>
  <datafield tag="951" ind1=" " ind2=" ">
   <subfield code="a">Vol. 86 No. 4 (September 1996)</subfield>
   <subfield code="b">Main ru</subfield>
  </datafield>
  <datafield tag="951" ind1=" " ind2=" ">
   <subfield code="a">Vol. 86 No. 5 (December 1996)</subfield>
   <subfield code="b">Main ru</subfield>
  </datafield>
  <datafield tag="951" ind1=" " ind2=" ">
   <subfield code="a">Vol. 87 No. 1 (March 1997) - Vol. 87 No. 3 (June 1997)</subfield>
   <subfield code="b">Main ru</subfield>
  </datafield>
  <datafield tag="951" ind1=" " ind2=" ">
   <subfield code="a">Vol. 87 No. 4 (September 1997)</subfield>
   <subfield code="b">Main ru</subfield>
  </datafield>
  <datafield tag="951" ind1=" " ind2=" ">
   <subfield code="a">vol. 89 No. 1 ( March 1999) -Vol. 89 No. 5 (December 1999)</subfield>
   <subfield code="b">Main ru</subfield>
  </datafield>
  <datafield tag="951" ind1=" " ind2=" ">
   <subfield code="a">Vol. 90 No. 1 (March 2000) - Vol. 90 No. 5 (December 2000)</subfield>
   <subfield code="b">Main ru</subfield>
  </datafield>
  <datafield tag="951" ind1=" " ind2=" ">
   <subfield code="a">Vol. 90 No. 2 (May 2000)</subfield>
   <subfield code="b">Main ru</subfield>
  </datafield>
  <datafield tag="951" ind1=" " ind2=" ">
   <subfield code="a">Vol. 91 No. 1 (March 2001) - Vol. 91 No. 5 (December 2001)</subfield>
   <subfield code="b">Main ru</subfield>
  </datafield>
  <datafield tag="951" ind1=" " ind2=" ">
   <subfield code="b">Main ru</subfield>
  </datafield>
  <datafield tag="951" ind1=" " ind2=" ">
   <subfield code="b">Main ru</subfield>
  </datafield>
  <datafield tag="951" ind1=" " ind2=" ">
   <subfield code="b">Main ru</subfield>
  </datafield>
  <datafield tag="951" ind1=" " ind2=" ">
   <subfield code="a">Vol. 92 No. 1 (March 2002) - Vol. 92 No.4 (September 2002)</subfield>
   <subfield code="b">Main ru</subfield>
  </datafield>
  <datafield tag="951" ind1=" " ind2=" ">
   <subfield code="a">Vol. 105 No.9 (September 2015)</subfield>
   <subfield code="b">Main ru</subfield>
  </datafield>
  <datafield tag="951" ind1=" " ind2=" ">
   <subfield code="a">Vol. 105 No.11 (November 2015) - Vol. 105 No. 12 (December 2015)</subfield>
   <subfield code="b">Main ru</subfield>
  </datafield>
  <datafield tag="951" ind1=" " ind2=" ">
   <subfield code="a">Vol. 106 No. 1 (January 2016) - Vol. 106 No.6 (June 2016)</subfield>
   <subfield code="b">Main ru</subfield>
  </datafield>
  <datafield tag="951" ind1=" " ind2=" ">
   <subfield code="a">Vol. 106 No.8 (August 2016) - Vol. 106 No. 9 ( September 2016)</subfield>
   <subfield code="b">Main ru</subfield>
  </datafield>
  <datafield tag="951" ind1=" " ind2=" ">
   <subfield code="a">Vol. 106 No.10 (October 2016) - Vol. 106 No.12 (December 2016)</subfield>
   <subfield code="b">Main ru</subfield>
  </datafield>
  <datafield tag="951" ind1=" " ind2=" ">
   <subfield code="a">Vol. 107 No.1 (January 2017) - Vol. 107 No.3 (March 2017)</subfield>
   <subfield code="b">Main ru</subfield>
  </datafield>
  <datafield tag="951" ind1=" " ind2=" ">
   <subfield code="a">Vol. 107 No.5 (May 2017)</subfield>
   <subfield code="b">Main ru</subfield>
  </datafield>
  <datafield tag="951" ind1=" " ind2=" ">
   <subfield code="a">Vol. 88 no. 1 (March 1998) - Vol. 88 no.5 (December 1998)</subfield>
   <subfield code="b">Main ru</subfield>
  </datafield>
  <datafield tag="951" ind1=" " ind2=" ">
   <subfield code="a">Vol. 85 No. 4(September 1995) - Vol. 85 no. 5 (December 1995)</subfield>
   <subfield code="b">Main ru</subfield>
  </datafield>
  <datafield tag="951" ind1=" " ind2=" ">
   <subfield code="a">Vol. 90 No. 5 (December 2000)</subfield>
   <subfield code="b">Main ru</subfield>
  </datafield>
 </record>
</collection>
